| 000 | 00694nam#a2200241#c#4500 | ||
|---|---|---|---|
| 003 | IEF | ||
| 005 | 20180219150611.0 | ||
| 008 | 941205s1977 uuu####fr####| 0||u| |u | ||
| 040 | _aIEF | ||
| 245 |
_aThe distribution of economic well - Being _c edited by F. Thomas Juster |
||
| 260 |
_aCambridge (Mass.) _b N.B.E.R. _c1977 |
||
| 300 |
_av. (679 p.) _c24 cm. |
||
| 500 | _aContiene bibliografía e índices | ||
| 490 | _aStudies in income and wealth;v. 41 | ||
| 650 | 4 |
_aESTADOS UNIDOS _942888 |
|
| 650 | 4 |
_aRENTA NACIONAL _948262 |
|
| 650 | 4 |
_aDISTRIBUCION _98496 |
|
| 650 | 4 |
_aRENTA _950200 |
|
| 700 | 1 |
_aJuster, Francis Thomas _923234 |
|
| 942 | _cLIB | ||
| 942 | _z33691 | ||
| 999 |
_c8871 _d8871 |
||